000 004340000a22001570004500
041 0 _aSPA
082 0 4 _aG 280.042 V718s
245 1 0 _aJesucristo es el Señor : Segunda conferencia mundial de juventud cristiana
260 _aBuenos Aires, Argentina : La Aurora
300 _a155 Pag
001 8618
942 _cBK
999 _c38752
_d38752
336 _atexto
_btxt
_2rdacontent
337 _2rdamedia
_asin mediación
_bn
338 _2rdacarrier
_avolumen
_bnc